[Event "Arab Games 2011"]
[Site "0:25.10-0:25.10"]
[Date "2011.12.11"]
[Round "2"]
[White "Najjar Ahmad"]
[Black "Sabar Daoud"]
[Result "1-0"]
[WhiteElo "2274"]
[BlackElo "2034"]
[PlyCount "115"]
[EventDate "2011.??.??"]

1. d4 Nf6 2. Nf3 e6 3. c3 d5 4. Bf4 Nbd7 5. e3 c5 6. Nbd2 Qb6 7. Qb3 c4 8. Qxb6
axb6 9. a3 b5 10. Rb1 Be7 11. Be2 O-O 12. O-O Nh5 13. Bc7 f5 14. Ne5 Nxe5 15.
Bxe5 Nf6 16. f3 Nd7 17. Bg3 Bg5 18. Bf2 Nf6 19. Rbe1 Bd7 20. Bd1 Bc6 21. Bc2
Rae8 22. Bg3 g6 23. Rf2 Nd7 24. Bd6 Rf7 25. Rfe2 Bh6 26. e4 dxe4 27. fxe4 Nf6
28. exf5 Bxd2 29. Rxd2 exf5 30. Rxe8+ Nxe8 31. Be5 Bd5 32. Bd1 Nf6 33. Bxf6
Rxf6 34. Kf2 Kf7 35. Bf3 Bxf3 36. Kxf3 Re6 37. d5 Rd6 38. Ke3 Kf6 39. Kd4 b6
40. Re2 g5 41. Re8 g4 42. g3 Kf7 43. Rh8 Rh6 44. Rb8 Rxh2 45. Rb7+ Ke8 46. Rxb6
f4 47. Rb8+ Kd7 48. gxf4 Rd2+ 49. Kc5 g3 50. Rb7+ Ke8 51. Rxh7 Kf8 52. Rh3 g2
53. Rg3 Rxb2 54. d6 Rd2 55. Kxb5 Rd3 56. Rxg2 Rxc3 57. a4 Rd3 58. Kc6 1-0

[Event "Arab Games 2011"]
[Site "0:25.10-0:25.10"]
[Date "2011.12.11"]
[Round "2"]
[White "Takrory Hosam"]
[Black "Elarbi Abobker"]
[Result "0-1"]
[WhiteElo "2034"]
[BlackElo "2273"]
[PlyCount "72"]
[EventDate "2011.??.??"]

1. e4 e5 2. Nf3 Nc6 3. Bc4 Nf6 4. O-O Be7 5. d3 O-O 6. c3 d5 7. exd5 Nxd5 8. h3
Be6 9. Re1 Re8 10. Nbd2 Qd7 11. Ne4 f6 12. d4 exd4 13. Nxd4 Nxd4 14. Qxd4 Bf7
15. Bf4 c5 16. Qd2 Qc6 17. Rad1 Rad8 18. Bg3 b5 19. Bb3 c4 20. Bc2 h6 21. Qc1
f5 22. Nd2 f4 23. Bh2 Bh5 24. Nf3 g5 25. Nd4 Qc5 26. Re6 Rd6 27. Rde1 Rxe6 28.
Rxe6 Bf6 29. Rxe8+ Bxe8 30. Qe1 Bf7 31. Qe4 Bxd4 32. cxd4 Qd6 33. h4 Nf6 34.
Qe5 Qxe5 35. dxe5 Nd7 36. g3 Nxe5 0-1

[Event "Arab Games 2011"]
[Site "0:25.10-0:25.10"]
[Date "2011.12.11"]
[Round "3"]
[White "Salem A R, Saleh"]
[Black "Adly Ahmed"]
[Result "1-0"]
[WhiteElo "2511"]
[BlackElo "2601"]
[PlyCount "145"]
[EventDate "2011.??.??"]

1. d4 Nf6 2. c4 e6 3. Nc3 Bb4 4. e3 c5 5. Bd3 O-O 6. Nf3 d5 7. O-O dxc4 8. Bxc4
b6 9. Qe2 cxd4 10. exd4 Nc6 11. Rd1 Bb7 12. d5 exd5 13. Nxd5 Nxd5 14. Bxd5 Qe7
15. Qc2 Na5 16. Bg5 Qc5 17. Qf5 Bxd5 18. Rxd5 Qc8 19. Qf4 Nc6 20. Bf6 Be7 21.
Rg5 g6 22. Rc1 Qd7 23. h4 Rac8 24. Bxe7 Nxe7 25. Re1 f6 26. Rg4 Rc5 27. Qd4 Rd5
28. Qb4 Nc6 29. Qc4 b5 30. Qf4 Kg7 31. Rg3 Re8 32. Rc1 Re7 33. Qg4 Rd1+ 34.
Rxd1 Qxd1+ 35. Kh2 Qd5 36. h5 Re4 37. Qh3 Ne7 38. hxg6 hxg6 39. Rg4 f5 40. Rg3
Qd6 41. Ng5 Rg4 42. f4 Rxg5 43. Rxg5 Qxf4+ 44. Qg3 Qd4 45. Qc3 Qxc3 46. bxc3
Kf6 47. Rg3 Nd5 48. Kg1 f4 49. Rd3 Ke5 50. Kf2 Ke4 51. Ke2 g5 52. Rd4+ Ke5 53.
Kd3 Nf6 54. a4 bxa4 55. Rxa4 g4 56. Ra5+ Ke6 57. Kd4 f3 58. gxf3 gxf3 59. Re5+
Kd6 60. Rf5 Nd7 61. Rxf3 Kc6 62. c4 a5 63. Rh3 a4 64. Rh6+ Kb7 65. Kc3 a3 66.
Kb3 Ne5 67. Rh4 Kc6 68. Kxa3 Kc5 69. Rh5 Kd4 70. Rxe5 Kxe5 71. Kb4 Kd6 72. Kb5
Kc7 73. Kc5 1-0

[Event "Arab Games 2011"]
[Site "0:25.10-0:25.10"]
[Date "2011.12.11"]
[Round "3"]
[White "Karim Ismael"]
[Black "Kaabi Mejdi"]
[Result "0-1"]
[WhiteElo "2405"]
[BlackElo "2342"]
[PlyCount "126"]
[EventDate "2011.??.??"]

1. e4 e5 2. Nf3 Nc6 3. Bc4 Bc5 4. O-O d6 5. c3 Nf6 6. d3 O-O 7. Bg5 h6 8. Bh4
a6 9. Bb3 Be6 10. Nbd2 Re8 11. Nc4 Bxc4 12. Bxc4 Na5 13. b4 Nxc4 14. bxc5 Na5
15. d4 exd4 16. cxd6 cxd6 17. Nxd4 Rxe4 18. Nf5 Rf4 19. Bxf6 Qxf6 20. Ne3 Qe5
21. Qd3 Rc8 22. Rad1 Rxc3 23. Qxd6 Qxd6 24. Rxd6 Ra4 25. Re1 Rxa2 26. Rd8+ Kh7
27. h4 Rca3 28. Nf5 Ra1 29. Rxa1 Rxa1+ 30. Kh2 Kg6 31. g4 h5 32. Rd6+ f6 33. f3
hxg4 34. fxg4 Ra2+ 35. Kh3 Ra3+ 36. Kh2 Kf7 37. Rd7+ Kf8 38. Nxg7 Nc6 39. Ne6+
Ke8 40. Rxb7 Ne5 41. g5 Nf3+ 42. Kg2 Nxh4+ 43. Kf2 fxg5 44. Nxg5 Kd8 45. Nf7+
Ke8 46. Nd6+ Kf8 47. Ke2 Ng6 48. Kd2 Ne5 49. Kc2 a5 50. Rb5 Nc6 51. Kb2 Rd3 52.
Nc4 a4 53. Rc5 Rb3+ 54. Kc2 Nb4+ 55. Kd2 Rd3+ 56. Ke2 Rc3 57. Ne5 Rb3 58. Rc8+
Ke7 59. Ra8 a3 60. Nc4 a2 61. Nd2 Rb2 62. Ra7+ Ke6 63. Ra4 Ke5 0-1

[Event "Arab Games 2011"]
[Site "0:00.47-0:01.31"]
[Date "2011.12.11"]
[Round "3"]
[White "El Jawich Amro"]
[Black "Al-Modiahki, Mohamad"]
[Result "0-1"]
[WhiteElo "2139"]
[BlackElo "2558"]
[PlyCount "68"]
[EventDate "2011.??.??"]

1. e4 c5 2. Nf3 Nc6 3. d4 cxd4 4. Nxd4 g6 5. Nc3 Bg7 6. Be3 Nf6 7. Bc4 O-O 8.
Bb3 d6 9. f3 Bd7 10. Qd2 Ne5 11. h4 Rc8 12. O-O-O a5 13. a4 Nc4 14. Bxc4 Rxc4
15. h5 e6 16. g4 Qe7 17. Ndb5 Bxb5 18. axb5 d5 19. e5 Nxg4 20. fxg4 Bxe5 21.
hxg6 Bxc3 22. gxh7+ Kh8 23. bxc3 Qa3+ 24. Kb1 Ra4 25. Bd4+ e5 26. c4 exd4 27.
Qxd4+ f6 28. Rd3 Qa2+ 29. Kc1 Qa1+ 30. Qxa1 Rxa1+ 31. Kb2 Rxh1 32. Rxd5 Rxh7
33. b6 Rc8 34. c5 Rg7 0-1

[Event "Arab Games 2011"]
[Site "0:00.13-0:08.21"]
[Date "2011.12.11"]
[Round "3"]
[White "Chahrani Ibrahim"]
[Black "Al Qudaimi, Basheer"]
[Result "0-1"]
[WhiteElo "2243"]
[BlackElo "2398"]
[PlyCount "55"]
[EventDate "2011.??.??"]

1. d4 Nf6 2. c4 e6 3. Nc3 Bb4 4. Qc2 c5 5. dxc5 Nc6 6. Nf3 Bxc5 7. e3 O-O 8.
Be2 b6 9. O-O Bb7 10. a3 Rc8 11. Rd1 Qc7 12. b4 Be7 13. Bb2 d6 14. Nb5 Qb8 15.
Ng5 Ne5 16. f4 Ned7 17. Qd3 h6 18. Nf3 d5 19. Ne5 a6 20. Nxd7 Nxd7 21. cxd5
axb5 22. dxe6 Nf6 23. exf7+ Rxf7 24. Qxb5 Rc2 25. Be5 Qc8 26. Bf1 Qg4 27. e4
Bxe4 28. Be2 0-1

[Event "Arab Games 2011"]
[Site "0:08.59-0:10.55"]
[Date "2011.12.11"]
[Round "3"]
[White "Amin Bassem"]
[Black "Ayyad Maher"]
[Result "1-0"]
[WhiteElo "2590"]
[BlackElo "2157"]
[PlyCount "57"]
[EventDate "2011.??.??"]

1. e4 c5 2. Nf3 e6 3. d3 Nc6 4. g3 d6 5. Bg2 Nge7 6. O-O g6 7. c3 Bg7 8. d4
cxd4 9. cxd4 d5 10. e5 O-O 11. Nc3 Nf5 12. Re1 a6 13. Bf4 b5 14. Qd2 Bd7 15. h3
Rc8 16. g4 Nfe7 17. Rac1 Qa5 18. b3 Rc7 19. Bg5 Rfc8 20. Qf4 Bf8 21. Bh6 Bg7
22. Bxg7 Kxg7 23. Ng5 Be8 24. Re3 Ng8 25. Bxd5 Nce7 26. Bxe6 Rxc3 27. Rf1 fxe6
28. Nxe6+ Kh8 29. Qf8 1-0

[Event "Arab Games 2011"]
[Site "0:09.57-0:04.38"]
[Date "2011.12.11"]
[Round "3"]
[White "Al-Ali Hussein, Ali Hussei"]
[Black "Najjar Ahmad"]
[Result "1/2-1/2"]
[WhiteElo "2392"]
[BlackElo "2274"]
[PlyCount "145"]
[EventDate "2011.??.??"]

1. e4 e5 2. Nf3 Nc6 3. Be2 Nf6 4. d3 d5 5. Nbd2 dxe4 6. dxe4 Bc5 7. O-O a6 8.
c3 O-O 9. Qc2 h6 10. Nc4 Qe7 11. a4 Bg4 12. h3 Bh5 13. Nh4 Qe6 14. Nf5 Bg6 15.
g4 Rfd8 16. Be3 Bf8 17. a5 Rd7 18. f3 Ne8 19. Rfd1 Rad8 20. Rxd7 Rxd7 21. Rd1
Rxd1+ 22. Qxd1 Kh7 23. h4 f6 24. Bf2 Bf7 25. h5 Nd6 26. Nfxd6 Bxd6 27. b4 Qe7
28. Ne3 Be6 29. Nd5 Qf7 30. Qd2 f5 31. gxf5 Bxd5 32. Qxd5 Qxd5 33. exd5 Ne7 34.
Bd3 Nxd5 35. f6+ Kg8 36. Bc4 c6 37. fxg7 Kxg7 38. Be1 Nf4 39. Kf1 Kf6 40. Bh4+
Kf5 41. Bf7 Nd5 42. Be1 Bf8 43. Bd2 Bg7 44. c4 Nf4 45. Be8 Ke6 46. b5 cxb5 47.
cxb5 axb5 48. Bxb5 Nxh5 49. Bc4+ Kd6 50. Bb4+ Kc6 51. Kf2 Nf4 52. Kg3 h5 53.
Bd2 Bh6 54. Bc3 Ng6 55. Bd3 Bf4+ 56. Kh3 Ne7 57. Be4+ Kc7 58. Kh4 Nc8 59. Kxh5
Nd6 60. Bd5 Nb5 61. Bb4 Nd4 62. Kg4 Nc6 63. Bc3 Kd6 64. Be4 Be3 65. Kf5 Bd4 66.
Be1 Ne7+ 67. Kf6 Nd5+ 68. Bxd5 Kxd5 69. Kf5 Be3 70. Bc3 Bd4 71. Be1 Be3 72. Bg3
Bd4 73. Be1 1/2-1/2

[Event "Arab Games 2011"]
[Site "0:25.10-0:25.10"]
[Date "2011.12.11"]
[Round "3"]
[White "Al-Zendani, Zendan"]
[Black "Elarbi Abobker"]
[Result "1/2-1/2"]
[WhiteElo "2384"]
[BlackElo "2273"]
[PlyCount "149"]
[EventDate "2011.??.??"]

1. d4 d5 2. c4 c6 3. e3 Nf6 4. Nc3 g6 5. Nf3 Bg7 6. Ne5 O-O 7. Bd3 dxc4 8. Bxc4
Nd5 9. Qb3 e6 10. O-O Qe7 11. a4 Nd7 12. f4 a5 13. e4 Nb4 14. Be3 Nb6 15. Be2
Nd7 16. Rac1 f6 17. Nf3 Kh8 18. e5 f5 19. Ng5 Nd5 20. Nxd5 exd5 21. Rf3 h6 22.
Rh3 Kg8 23. Nf3 Re8 24. Rg3 Nf8 25. Bd2 Qd8 26. h4 h5 27. Ng5 Ne6 28. Nxe6 Rxe6
29. Rh3 Bf8 30. Be1 Be7 31. Qd1 Qe8 32. Rb3 Bd8 33. Kh2 Re7 34. Qc2 Rg7 35. g3
Rf7 36. Bd3 Kg7 37. Bd2 Qe6 38. Qc5 Qe7 39. Qc2 Qe6 40. Qd1 Re7 41. Ra3 Rf7 42.
Qe1 Be7 43. Rb3 Bd8 44. Ra3 Be7 45. Raa1 Bd8 46. b4 axb4 47. Bxb4 b6 48. Bd6
Bb7 49. Qb4 Rd7 50. Rcb1 Kf7 51. Rb2 Ra5 52. Qd2 b5 53. Rba2 Rxa4 54. Rxa4 bxa4
55. Rxa4 Be7 56. Bxe7 Qxe7 57. Ra5 Ke6 58. Qc3 Rc7 59. Ba6 Qd7 60. Bd3 Qe7 61.
Rc5 Qd8 62. Qa5 Rd7 63. Kg2 Qxa5 64. Rxa5 Rc7 65. Kf2 Bc8 66. Ke3 Bd7 67. Ra8
Rc8 68. Rxc8 Bxc8 69. Kd2 Kd7 70. Kc3 Kc7 71. Kb4 Kb6 72. Bc2 Be6 73. Ba4 Bc8
74. Bc2 Be6 75. Ba4 1/2-1/2

[Event "Arab Games 2011"]
[Site "0:25.10-0:25.10"]
[Date "2011.12.11"]
[Round "3"]
[White "Ahmed Abuzied"]
[Black "Obada Ahmad, Azeezjawad"]
[Result "0-1"]
[WhiteElo "2059"]
[BlackElo "2353"]
[PlyCount "103"]
[EventDate "2011.??.??"]

1. e4 c5 2. Nf3 d6 3. d4 cxd4 4. Nxd4 Nf6 5. Nc3 a6 6. Bg5 e6 7. f4 Qb6 8. Qd2
Qxb2 9. Rb1 Qa3 10. f5 Nc6 11. fxe6 fxe6 12. Nxc6 bxc6 13. e5 dxe5 14. Bxf6
gxf6 15. Be2 Bg7 16. Bh5+ Ke7 17. Rb3 Qc5 18. Qe2 f5 19. Na4 Qa5+ 20. Nc3 Qc5
21. Na4 Qd4 22. Nb6 Ra7 23. c3 Qc5 24. Na4 Qa5 25. Qf2 Rd7 26. Nb6 Rd3 27. Qh4+
Bf6 28. Qc4 e4 29. O-O Rxc3 30. Nxc8+ Rxc8 31. Rb7+ Rc7 32. Rxc7+ Qxc7 33. Qxa6
Bd4+ 34. Kh1 Qb8 35. a4 Rc2 36. h3 Qb2 37. Qc8 Rxg2 38. Qe8+ Kd6 39. Qd8+ Kc5
40. Qa5+ Kc4 41. Qa6+ Kb3 42. Qb7+ Ka3 43. Qxb2+ Rxb2 44. a5 Rb5 45. Be8 Rxa5
46. Bxc6 e3 47. Bd7 e2 48. Re1 Re5 49. Bb5 Rxb5 50. Rxe2 Rb1+ 51. Kg2 Rb2 52.
Rxb2 0-1

[Event "Arab Games 2011"]
[Site "0:14.41-0:00.02"]
[Date "2011.12.11"]
[Round "3"]
[White "Njili Kamel"]
[Black "Nadir Samir"]
[Result "1-0"]
[WhiteElo "2344"]
[BlackElo "2125"]
[PlyCount "109"]
[EventDate "2011.??.??"]

1. e4 c6 2. d3 d5 3. Nd2 Nf6 4. Ngf3 Bg4 5. h3 Bxf3 6. Qxf3 e6 7. g4 Be7 8. g5
Nfd7 9. h4 h5 10. g6 fxg6 11. Qg3 Nf8 12. e5 Na6 13. c3 g5 14. d4 g6 15. Bd3
gxh4 16. Bxg6+ Kd7 17. Qd3 Nxg6 18. Qxg6 Qg8 19. Qxg8 Rhxg8 20. Nf3 Rg4 21. Be3
c5 22. Ke2 cxd4 23. cxd4 Rc8 24. Rac1 Rxc1 25. Rxc1 Nb4 26. a3 Nc6 27. b4 Nd8
28. Rh1 Nf7 29. b5 Nh8 30. a4 Bd8 31. Nd2 Ng6 32. f3 Rg2+ 33. Kf1 Rg3 34. Kf2
Bg5 35. Bxg5 Rxg5 36. Nb3 b6 37. a5 Kc7 38. Rc1+ Kd7 39. axb6 axb6 40. Ra1 Kc8
41. Rh1 Kd7 42. Nc1 Nf4 43. Rxh4 Rg2+ 44. Ke1 Ng6 45. Rxh5 Rb2 46. Rh7+ Ne7 47.
Nd3 Rxb5 48. Nf4 Rb4 49. Ng6 Rxd4 50. Rxe7+ Kc6 51. Rxe6+ Kc5 52. Ne7 b5 53.
Rc6+ Kb4 54. e6 Kb3 55. Rd6 1-0

[Event "Arab Games 2011"]
[Site "0:25.10-0:25.10"]
[Date "2011.12.11"]
[Round "3"]
[White "Goutali Tarek"]
[Black "Omar Abdulrahman"]
[Result "1-0"]
[WhiteElo "2327"]
[BlackElo "2045"]
[PlyCount "125"]
[EventDate "2011.??.??"]

1. e4 c5 2. Nf3 d6 3. c3 Nf6 4. Bd3 Nc6 5. Bc2 e5 6. h3 Be7 7. O-O O-O 8. d4
Qc7 9. d5 Nb8 10. a4 Nbd7 11. Na3 a6 12. Nc4 b6 13. Bd3 Bb7 14. Ne3 Rfe8 15.
Nf5 Bf8 16. c4 b5 17. b3 bxc4 18. bxc4 Rab8 19. a5 Ba8 20. Nh2 Rb4 21. Bd2 Rb2
22. Bc3 Rb7 23. Qd2 Reb8 24. g4 Qd8 25. Kh1 g6 26. Nh6+ Bxh6 27. Qxh6 Qf8 28.
Qd2 Qg7 29. f4 Re8 30. Bc2 Rbb8 31. Kg2 Re7 32. Rf2 Rbe8 33. Raf1 h5 34. g5 Nh7
35. Nf3 f6 36. gxf6 Ndxf6 37. fxe5 dxe5 38. Ng5 Rf8 39. Nxh7 Nxh7 40. Rxf8+
Nxf8 41. Qf2 Nd7 42. Ba4 Bb7 43. Kh2 Bc8 44. Bd2 Rf7 45. Qxf7+ Qxf7 46. Rxf7
Kxf7 47. Be3 Kf6 48. h4 Ke7 49. Bxd7 Bxd7 50. Bxc5+ Kf6 51. Bb6 Ba4 52. Kg3 Bc2
53. Kf3 Ke7 54. Bc7 Kf6 55. c5 Bb3 56. Bd8+ Kf7 57. c6 Ba4 58. Ke3 Bb5 59. Kd2
Ba4 60. Kc3 Bb5 61. Kb4 Ke8 62. Bf6 Bd3 63. d6 1-0

[Event "Arab Games 2011"]
[Site "0:25.10-0:25.10"]
[Date "2011.12.11"]
[Round "3"]
[White "Tissir Mohamed"]
[Black "Mansour Sameer"]
[Result "1-0"]
[WhiteElo "2413"]
[BlackElo "2284"]
[PlyCount "49"]
[EventDate "2011.??.??"]

1. e4 c5 2. Nc3 e6 3. Nf3 d5 4. Bb5+ Nc6 5. O-O dxe4 6. Nxe4 Bd7 7. d3 Nf6 8.
Re1 Be7 9. Bf4 Nxe4 10. dxe4 O-O 11. c3 Qb6 12. Qe2 Rfd8 13. Bd3 Be8 14. e5 Rd7
15. Be4 Rad8 16. h4 c4 17. Rab1 Na5 18. Bc2 Qc7 19. Ng5 h6 20. Ne4 Bf8 21. Qg4
Kh8 22. Re3 Nc6 23. Nf6 gxf6 24. Rg3 Ne7 25. exf6 1-0

[Event "Arab Games 2011"]
[Site "0:25.10-0:25.10"]
[Date "2011.12.11"]
[Round "3"]
[White "Khader Sami"]
[Black "Ayyad Husain"]
[Result "1-0"]
[WhiteElo "2404"]
[BlackElo "2209"]
[PlyCount "75"]
[EventDate "2011.??.??"]

1. d4 Nf6 2. c4 e6 3. Nf3 d5 4. g3 c5 5. cxd5 Nxd5 6. Bg2 Nc6 7. O-O Nf6 8.
dxc5 Qxd1 9. Rxd1 Bxc5 10. a3 Ne4 11. e3 Bd7 12. b4 Bb6 13. Bb2 Rg8 14. b5 Na5
15. Rxd7 Kxd7 16. Ne5+ Ke7 17. Bxe4 Rgd8 18. Nc3 f6 19. Nf3 Nc4 20. Bc1 Ba5 21.
Ne2 Nd6 22. Bxh7 Nxb5 23. a4 Nc3 24. Nxc3 Bxc3 25. Rb1 b6 26. Bg6 f5 27. h4
Rd1+ 28. Kg2 Kf6 29. h5 e5 30. e4 f4 31. gxf4 exf4 32. e5+ Ke6 33. Bc2 Rd7 34.
Bxf4 Rf8 35. Bb3+ Kf5 36. Kg3 Rc8 37. Nh4+ Ke4 38. f3+ 1-0

[Event "Arab Games 2011"]
[Site "0:25.10-0:25.10"]
[Date "2011.12.11"]
[Round "3"]
[White "Omar Noaman"]
[Black "Takrory Hosam"]
[Result "1-0"]
[WhiteElo "2324"]
[BlackElo "2034"]
[PlyCount "80"]
[EventDate "2011.??.??"]

1. d4 Nf6 2. c4 e5 3. dxe5 Ng4 4. Bf4 Nc6 5. Nf3 Bb4+ 6. Nbd2 Qe7 7. a3 Ngxe5
8. Nxe5 Nxe5 9. e3 Bxd2+ 10. Qxd2 d6 11. Be2 Ng6 12. Bg3 Bd7 13. Bf3 Bc6 14.
Bxc6+ bxc6 15. O-O O-O 16. b4 Rfd8 17. Qc3 a5 18. b5 c5 19. a4 f6 20. Rad1 Qe6
21. h3 Ne5 22. Bxe5 Qxe5 23. Qxe5 fxe5 24. f4 e4 25. g4 Rd7 26. Rf2 Rb8 27.
Rfd2 Kf7 28. Kg2 Kf6 29. Kg3 g6 30. Rd5 Rf7 31. h4 Ke6 32. h5 Rf6 33. hxg6 hxg6
34. Rh1 g5 35. Rxg5 c6 36. Rh7 d5 37. Rgg7 cxb5 38. axb5 Re8 39. Ra7 dxc4 40.
Ra8 Kd5 1-0

[Event "Arab Games 2011"]
[Site "0:25.10-0:25.10"]
[Date "2011.12.11"]
[Round "4"]
[White "Kaabi Mejdi"]
[Black "Al-Sayed, ohammed"]
[Result "0-1"]
[WhiteElo "2342"]
[BlackElo "2514"]
[PlyCount "112"]
[EventDate "2011.??.??"]

1. d4 d5 2. Nf3 Nf6 3. c4 c6 4. Nc3 e6 5. Bg5 h6 6. Bxf6 Qxf6 7. e3 g6 8. Bd3
Bg7 9. O-O dxc4 10. Bxc4 Nd7 11. h3 O-O 12. a4 e5 13. a5 exd4 14. exd4 Rd8 15.
Qe2 Nf8 16. d5 Bf5 17. Rad1 Re8 18. Qd2 Bxh3 19. Nd4 Bg4 20. f3 c5 21. Ndb5 Bd7
22. Ne4 Qh4 23. Qf2 Qxf2+ 24. Kxf2 Bxb5 25. Bxb5 Rec8 26. b3 a6 27. Bc4 Nd7 28.
f4 Rab8 29. Rfe1 Re8 30. Nd6 Rxe1 31. Rxe1 Kf8 32. Kf3 Bc3 33. Re2 Bxa5 34. b4
Bxb4 35. Nxf7 b5 36. Ba2 Kxf7 37. d6+ c4 38. Re7+ Kf6 39. Rxd7 Rb6 40. g4 Rxd6
41. Rb7 Rd3+ 42. Ke4 Rd2 43. Bxc4 bxc4 44. Rxb4 c3 45. Rb6+ Kf7 46. Rxa6 c2 47.
Rc6 Re2+ 48. Kf3 Rh2 49. Kg3 Rd2 50. Kf3 h5 51. gxh5 gxh5 52. Kg3 Ke7 53. Kh4
Kd7 54. Rc4 Kd6 55. Kxh5 Rd5+ 56. Kg6 Rc5 0-1

[Event "Arab Games 2011"]
[Site "0:25.10-0:25.10"]
[Date "2011.12.11"]
[Round "4"]
[White "Al Qudaimi, Basheer"]
[Black "Salem A R Saleh"]
[Result "1-0"]
[WhiteElo "2398"]
[BlackElo "2511"]
[PlyCount "117"]
[EventDate "2011.??.??"]

1. e4 e5 2. Nf3 Nc6 3. Bb5 a6 4. Ba4 Nf6 5. Bxc6 dxc6 6. Nc3 Bd6 7. d4 Nd7 8.
dxe5 Nxe5 9. Nxe5 Bxe5 10. Qxd8+ Kxd8 11. Ne2 Bd6 12. Bf4 Re8 13. f3 f6 14.
O-O-O Ke7 15. h4 Be6 16. Rhe1 Rad8 17. Bxd6+ cxd6 18. Nf4 Bf7 19. b3 Rd7 20.
Rd2 Kd8 21. Red1 Kc7 22. c4 Red8 23. Kb2 b5 24. cxb5 axb5 25. Rc1 Ra8 26. a3
Ra6 27. Ne2 Kb7 28. Rcd1 c5 29. Nc3 Rb6 30. b4 cxb4 31. axb4 Bc4 32. f4 Ra6 33.
e5 fxe5 34. fxe5 d5 35. Ne4 Kc6 36. Nc5 Ra2+ 37. Kc3 Ra3+ 38. Kd4 Rf7 39. e6
Rf4+ 40. Ke5 Rxh4 41. Re1 Rg3 42. Rf2 Bd3 43. Nxd3 Rxd3 44. Rc2+ Rc4 45. Ra2
Rdd4 46. Ra6+ Kc7 47. Ra7+ Kc6 48. Ra6+ Kb7 49. Rea1 Re4+ 50. Kd6 d4 51. Ra7+
Kb8 52. e7 d3 53. e8=Q+ Rxe8 54. Ra8+ Kb7 55. Rxe8 Rg4 56. Re7+ Kb6 57. Rea7
Rd4+ 58. Ke5 Rxb4 59. R1a6+ 1-0

[Event "Arab Games 2011"]
[Site "0:25.10-0:25.10"]
[Date "2011.12.11"]
[Round "4"]
[White "Al-Modiahki, Mohamad"]
[Black "Njili Kamel"]
[Result "1-0"]
[WhiteElo "2558"]
[BlackElo "2344"]
[PlyCount "115"]
[EventDate "2011.??.??"]

1. e4 c5 2. Nf3 Nc6 3. Nc3 d6 4. d4 cxd4 5. Nxd4 Nf6 6. Bg5 e6 7. Qd2 a6 8.
O-O-O Bd7 9. f4 h6 10. Bh4 Nxe4 11. Qe1 g5 12. Nxe4 gxh4 13. Qc3 e5 14. Nxc6
Bxc6 15. fxe5 Bxe4 16. exd6 Qg5+ 17. Kb1 Bg7 18. Qb4 Qe5 19. Bd3 Bxd3 20. Rhe1
Be2 21. Rxe2 Qxe2 22. Re1 Qxe1+ 23. Qxe1+ Kf8 24. Qe7+ Kg8 25. d7 Kh7 26. Qe4+
Kg8 27. Qxh4 Kh7 28. Qe4+ Kg8 29. Qxb7 Rd8 30. c4 Be5 31. c5 Kg7 32. Qd5 Kf6
33. c6 Rb8 34. c7 Bxc7 35. Qc6+ Ke7 36. Qxc7 Rhd8 37. Qa5 Rb7 38. Qxa6 Rbxd7
39. a3 Rd6 40. Qb7+ R8d7 41. Qb4 Kf6 42. a4 Rd4 43. Qc3 Kg5 44. a5 Ra4 45. Qc1+
Kh5 46. Qc5+ Kg4 47. Qc6 Rd1+ 48. Kc2 Rda1 49. Qxh6 Rxa5 50. Qg7+ Kh4 51. Qf6+
Kg4 52. Qg7+ Kf4 53. Qxf7+ Rf5 54. g3+ Ke4 55. Qe6+ Re5 56. Qg4+ Kd5 57. Qd7+
Kc5 58. b4+ 1-0

[Event "Arab Games 2011"]
[Site "0:25.10-0:25.10"]
[Date "2011.12.11"]
[Round "4"]
[White "Adly Ahmed"]
[Black "Goutali Tarek"]
[Result "0-1"]
[WhiteElo "2601"]
[BlackElo "2327"]
[PlyCount "160"]
[EventDate "2011.??.??"]

1. d4 d6 2. Nf3 g6 3. g3 Bg7 4. Bg2 Nd7 5. c4 e5 6. Nc3 Ne7 7. O-O O-O 8. e4
exd4 9. Nxd4 Nc6 10. Nb3 a5 11. Nb5 a4 12. N3d4 Nxd4 13. Nxd4 a3 14. b3 c5 15.
Nc2 Bxa1 16. Nxa1 Ne5 17. Nc2 Nc6 18. Bh6 Re8 19. Qa1 f6 20. Rd1 Ne5 21. Ne3
Be6 22. Bf4 Qe7 23. Nd5 Bxd5 24. Rxd5 Rad8 25. Qd1 Nf7 26. h4 Kg7 27. Bd2 Qc7
28. f4 Re6 29. Bc3 Qe7 30. Qa1 Re8 31. Rd1 Kg8 32. Re1 b5 33. Qd1 b4 34. Ba1 f5
35. e5 dxe5 36. fxe5 Nh6 37. Bd5 Ng4 38. Qf3 Kg7 39. Rd1 Rxe5 40. Re1 Kf8 41.
Bxe5 Nxe5 42. Qf4 Nf3+ 43. Bxf3 Qxe1+ 44. Kg2 Qe5 45. Qh6+ Qg7 46. Qf4 Qe5 47.
Qh6+ Qg7 48. Qf4 Kg8 49. Qd6 Qe7 50. Qd5+ Kg7 51. h5 Rd8 52. Qc6 Rd2+ 53. Kh3
f4 54. g4 Rd3 55. Kg2 Kh6 56. hxg6 hxg6 57. Be4 Rd6 58. Qa8 Qd8 59. Qb7 Qh4 60.
Bd5 Qg3+ 61. Kf1 f3 62. Bxf3 Rd2 63. g5+ Qxg5 64. Qc8 Rd8 65. Qh3+ Kg7 66. Qe6
Qc1+ 67. Kg2 Rd2+ 68. Kg3 Qg1+ 69. Kf4 Rd4+ 70. Be4 Qf2+ 71. Kg4 Qg2+ 72. Kf4
Qh2+ 73. Ke3 Qh6+ 74. Ke2 Rd2+ 75. Kf3 Qh1+ 76. Ke3 Qe1+ 77. Kf4 Rf2+ 78. Ke5
Qc3+ 79. Kd5 Qd4+ 80. Kc6 Rf6 0-1

[Event "Arab Games 2011"]
[Site "0:25.10-0:25.10"]
[Date "2011.12.11"]
[Round "4"]
[White "Obada Ahmad, Azeezjawad"]
[Black "Amin Bassem"]
[Result "0-1"]
[WhiteElo "2353"]
[BlackElo "2590"]
[PlyCount "96"]
[EventDate "2011.??.??"]

1. e4 e5 2. Nf3 Nc6 3. Bb5 a6 4. Ba4 Nf6 5. O-O Nxe4 6. d4 b5 7. Bb3 d5 8. dxe5
Be6 9. c3 Be7 10. Nbd2 Nc5 11. Bc2 O-O 12. h3 d4 13. cxd4 Nxd4 14. Nxd4 Qxd4
15. Nf3 Qxd1 16. Rxd1 Rad8 17. Be3 Bd5 18. Nd4 Rfe8 19. Nf5 Bf8 20. b4 Nb7 21.
Rd4 c5 22. Rg4 g6 23. Bg5 Rc8 24. Bf6 cxb4 25. Bb3 Bc4 26. Rd1 Nc5 27. Bxc4
bxc4 28. Rxc4 gxf5 29. Rdc1 a5 30. g4 f4 31. Kg2 h6 32. h4 Rb8 33. Rxc5 Bxc5
34. Rxc5 a4 35. Kf3 b3 36. axb3 axb3 37. Rc1 Rec8 38. Rb1 Rb4 39. g5 h5 40. g6
Rc3+ 41. Kg2 f3+ 42. Kh3 fxg6 43. e6 Rc6 44. Re1 Rbb6 45. e7 Re6 46. e8=Q+ Rxe8
47. Rxe8+ Kf7 48. Re3 Kxf6 0-1

[Event "Arab Games 2011"]
[Site "0:01.15-0:00.02"]
[Date "2011.12.11"]
[Round "4"]
[White "Haddouche, Mohamed"]
[Black "Tissir Mohamed"]
[Result "*"]
[WhiteElo "2386"]
[BlackElo "2413"]
[PlyCount "159"]
[EventDate "2011.??.??"]

1. e4 c5 2. Nf3 e6 3. d3 d6 4. g3 Nc6 5. Bg2 Be7 6. O-O Nf6 7. Re1 O-O 8. c3
Bd7 9. Nbd2 Rc8 10. a3 b5 11. b4 a5 12. bxc5 dxc5 13. Bb2 Be8 14. e5 Nd5 15. c4
bxc4 16. dxc4 Nb6 17. Rc1 Nd4 18. Ne4 Ba4 19. Qd3 Nb3 20. Qxd8 Rfxd8 21. Rc3
Nd4 22. Rcc1 Nb3 23. Rc3 Nd4 24. Rcc1 Bc6 25. Nfd2 Na4 26. Ba1 Rb8 27. Bxd4
Rxd4 28. Rb1 Rxb1 29. Rxb1 Bxe4 30. Nxe4 Rxc4 31. Nd6 Rd4 32. Rb8+ Bf8 33. Bc6
Nc3 34. Be8 g6 35. Bxf7+ Kg7 36. Rb7 Bxd6 37. Bxe6+ Kh8 38. exd6 Rxd6 39. Bg4
h5 40. Bf3 c4 41. Rc7 Rd4 42. Bc6 Nb1 43. a4 h4 44. Kg2 hxg3 45. hxg3 c3 46.
Be8 g5 47. Bg6 Nd2 48. Rxc3 Rxa4 49. Rd3 Kg7 50. Be8 Ra2 51. Rd6 Ne4 52. Rg6+
Kh7 53. Kf3 Rxf2+ 54. Kxe4 Re2+ 55. Kf5 Rxe8 56. Ra6 Re3 57. g4 Ra3 58. Ra7+
Kh6 59. Ra6+ Kg7 60. Kxg5 Kf7 61. Kf5 Ra1 62. Ra7+ Kf8 63. g5 a4 64. Kf6 Rf1+
65. Kg6 Ra1 66. Kf6 Rf1+ 67. Ke5 Ra1 68. Kf6 Rf1+ 69. Kg6 Ra1 70. Rf7+ Ke8 71.
Rf2 Ke7 72. Kg7 a3 73. g6 a2 74. Rg2 Kd6 75. Kg8 Kc5 76. g7 Kb4 77. Rg4+ Kb3
78. Kh7 Rh1+ 79. Kg6 a1=Q 80. g8=Q+ *

[Event "Arab Games 2011"]
[Site "0:25.10-0:25.10"]
[Date "2011.12.11"]
[Round "4"]
[White "Elarbi Abobker"]
[Black "Khader Sami"]
[Result "0-1"]
[WhiteElo "2273"]
[BlackElo "2404"]
[PlyCount "100"]
[EventDate "2011.??.??"]

1. d4 Nf6 2. Nf3 e6 3. c4 d5 4. g3 g6 5. Bg2 Bg7 6. O-O O-O 7. Nc3 Qe7 8. Ne5
Rd8 9. c5 Nfd7 10. Nxd7 Bxd7 11. Bf4 Be8 12. Rc1 b6 13. cxb6 axb6 14. a3 c5 15.
Be3 Nc6 16. Nb5 Ra5 17. a4 Nxd4 18. Bxd4 cxd4 19. Nxd4 Bxd4 20. Qxd4 Rxa4 21.
Qxb6 Rb4 22. Qa5 Rxb2 23. Bf3 Rb5 24. Qa1 Rdb8 25. Rb1 Qb7 26. Rxb5 Qxb5 27.
Qe5 Qb2 28. Qd6 Qb6 29. Qe5 Rc8 30. Ra1 Qc7 31. Qxc7 Rxc7 32. Rd1 Kf8 33. e4
dxe4 34. Bxe4 Ke7 35. Kg2 f5 36. Bf3 h5 37. Rd2 g5 38. h3 g4 39. hxg4 hxg4 40.
Be2 Rc3 41. Rd1 Bc6+ 42. Kg1 Bd5 43. Rd2 Rc8 44. Bf1 Rc1 45. Rd4 Kd6 46. Ra4
Ke5 47. Rb4 Bf3 48. Rb2 Rd1 49. Rc2 Kd4 50. Ra2 Kc3 0-1

[Event "Arab Games 2011"]
[Site "0:19.50-0:24.42"]
[Date "2011.12.11"]
[Round "4"]
[White "Ayyad Maher"]
[Black "Al-Ali Hussein, Ali Hussei"]
[Result "0-1"]
[WhiteElo "2157"]
[BlackElo "2392"]
[PlyCount "50"]
[EventDate "2011.??.??"]

1. d4 Nf6 2. Nf3 d6 3. c4 Nbd7 4. Nc3 e5 5. e4 Be7 6. Be2 O-O 7. O-O exd4 8.
Nxd4 Re8 9. f3 Bf8 10. Be3 c6 11. Qd2 g6 12. Rfd1 a5 13. b3 Nc5 14. Nxc6 Ncxe4
15. Nxd8 Nxd2 16. Bxd2 Rxd8 17. Bg5 Bg7 18. Rac1 Re8 19. Bf1 h6 20. Bf4 Bd7 21.
Rxd6 Bc6 22. Nd5 Nh5 23. Bd2 Be5 24. Rxc6 bxc6 25. Nb6 Bd4+ 0-1